000 00790nam a22002297a 4500
005 20170213125226.0
010 _aENG-117225
020 _a9789386062291
_c795.00
035 _aEN-100757
037 _bDBAD/PUB
082 0 0 _a371.203
100 _aSullivan,Susan
245 _aSupervision that improves teaching and learning :
_cby Susan Sullivan [and] Jeffrey Glanz ;foreword by Karen Osterman
_bStrategies and techniques /
250 _a4th ed.
260 _aNew Delhi
_bSAGE Publications
_c2016
270 _aB1/I-1 Mohan Cooperative Industrial Area, Mathura Road
_bNew Delhi
_e110044
300 _axix,235
_c28cm(pbk)
500 _aIncludes reference and index
700 _aGlanz, Jeffrey
700 _a Osterman, Karen
942 _2ddc
_cEN
_h371.203
_mSUL
999 _c137550
_d137550